Hacia un estilo integral de pensar
Saved in:
| Main Author: | |
|---|---|
| Format: | Book |
| Language: | Spanish |
| Published: |
Palma de Mallorca
Universidad de Barcelona. Facultad de Filosofía y Letras
1975
|
| Edition: | 2a. ed |
| Subjects: | |
| Tags: |
Add Tag
No Tags, Be the first to tag this record!
|
MARC
| LEADER | 00000nam a2200000 a 4500 | ||
|---|---|---|---|
| 001 | UCZ3960 | ||
| 003 | CL-VaPUC | ||
| 008 | 951027e19750000SP |||||||||||||||||spa|d | ||
| 082 | 0 | 4 | |a 111.85 |b LOP |2 21 |
| 100 | |a López Quintás, Alfonso |e autor |9 601373 | ||
| 245 | 1 | 0 | |a Hacia un estilo integral de pensar |
| 250 | |a 2a. ed | ||
| 300 | |a v | ||
| 942 | |c BK | ||
| 945 | |d 19951027 00:00:00 |a lriquelm | ||
| 260 | |a Palma de Mallorca |b Universidad de Barcelona. Facultad de Filosofía y Letras |c 1975 | ||
| 500 | |a v.1: Estetica | ||
| 500 | |a v.2: Metedologia antropologia | ||
| 650 | 0 | |a Estética |9 264950 | |
| 650 | 0 | |a Artes |9 268202 | |
| 650 | 0 | |a Filosofía contemporánea |9 265372 | |
| 650 | 0 | |a Religión |9 255164 | |
| 583 | |a last modification |c 19951027 00:00:00 |k Rodrigo Vera | ||
| 999 | |c 240399 |d 240397 | ||
| 952 | |0 0 |1 0 |4 0 |6 111_850000000000000_LOP_1975 |7 0 |8 A |9 252250 |a BIBEDU |b BIBEDU |d 2019-11-18 |h v.1 |i 1593080 |o 111.85 LOP 1975 |p 1593080 |r 2019-11-18 |w 2019-11-18 |y BK |k FIL | ||
| 952 | |0 0 |1 0 |4 0 |6 111_850000000000000_LOP_1975 |7 0 |8 A |9 252251 |a BIBEDU |b BIBEDU |c ES_NOD |d 2019-11-18 |h v.1 |i 1593099 |o 111.85 LOP 1975 |p 1593099 |r 2023-08-09 |w 2019-11-18 |y BK |k FIL | ||
| 952 | |0 0 |1 0 |4 0 |6 111_850000000000000_LOP_1975 |7 0 |8 A |9 252252 |a BIBEDU |b BIBEDU |d 2019-11-18 |h v.2 |i 1593102 |o 111.85 LOP 1975 |p 1593102 |r 2019-11-18 |w 2019-11-18 |y BK |k FIL | ||
| 952 | |0 0 |1 0 |4 0 |6 111_850000000000000_LOP_1975 |7 0 |8 A |9 252253 |a BIBEDU |b BIBEDU |d 2019-11-18 |h v.2 |i 1593110 |o 111.85 LOP 1975 |p 1593110 |r 2019-11-18 |w 2019-11-18 |y BK |k FIL | ||